Môže byť zákon (o pôde) nezákonný? Hovoríme s predsedom Roľníckej strany Slovenska

Bibliographic Details
Main Authors: Delinga, Pavel, 1939- (Author), Valášek, M. (Author)
Format: Article
Language:Slovak
Subjects:

MARC

LEADER 00000nab a2200000 a 4500
001 vtls000418220
003 SK-MaSNL
005 20260303173739.0
008 120925c1991 xo 0 slo
015 |a SNBRB19rr/mm-uuuuu 
035 |a CL0418345 
040 |a SNKBUCL  |b slo  |c SNKBUCL  |e AACR2 
041 0 |a slo 
044 |a xo  |c SK 
080 |a 332.2:340.133  |2 1981 
080 |a 340.133  |2 1981 
080 |a 349.41  |2 1981 
100 1 |a Delinga, Pavel,  |d 1939-  |4 aut  |9 228745 
245 1 0 |a Môže byť zákon (o pôde) nezákonný?  |b Hovoríme s predsedom Roľníckej strany Slovenska  |c Pavol Delinga, M. Valášek ; pavol Delinga 
650 0 7 |a poľnohospodárska pôda  |2 snkbucl  |9 31794 
650 0 7 |a Zákon o pôde  |2 snkbucl  |9 880780 
655 7 |a články z novín a časopisov  |2 snkbucl  |9 267496 
700 1 |a Valášek, M.  |4 aut  |9 353396 
700 1 |a Delinga, Pavel,  |d 1939-  |4 aut  |9 228745 
773 0 |t Práca  |g Roč. 46, č. 128 (3. 6. 1991), s. 1 a 2 
850 |a Slovenská národná knižnica v Martine  |a MTA001 
852 |a SNK  |b KIS3GCP 
958 |a RK 
992 |a RBX 
999 |c 2093708  |d 2095638